[Event "Madrid Magistral 6th"]
[Site "Madrid"]
[Date "1997.05.31"]
[Round "9"]
[White "Polgar, Judit"]
[Black "Short, Nigel D"]
[Result "1/2-1/2"]
[WhiteElo "2645"]
[BlackElo "2690"]
[Annotator "Atlas,V"]
[PlyCount "38"]
[EventDate "1997.06.??"]
[EventType "tourn"]
[EventRounds "9"]
[EventCountry "ESP"]
[EventCategory "17"]
[SourceTitle "CBM 059"]
[Source "ChessBase"]
[SourceDate "1997.08.01"]
[SourceVersion "1"]
[SourceVersionDate "1997.08.01"]
[SourceQuality "1"]

1. e4 e6 2. d4 d5 3. Nc3 Bb4 4. e5 c5 5. a3 Bxc3+ 6. bxc3 Qc7 7. Nf3 Ne7 8. a4
h6 9. dxc5 $5 {This move leads to interesting complications. The alternatives
are:} (9. Bb5+ Bd7 10. Bd3 Nbc6 11. O-O cxd4 (11... b6 {- 53/284, 285}) 12.
cxd4 Nb4 13. Ba3 Nxd3 14. cxd3 Bc6 $13 {Sherzer,A-Yermolinsky,A/New York 58/
(329) 1993}) (9. Bd3 b6 10. O-O Ba6 11. a5 O-O 12. Re1 Qc6 13. h3 Bxd3 14. cxd3
Nd7 15. dxc5 bxc5 16. Nh2 $14 {1-0 Nijboer,F-Romero Holmes,A/Wijk op (03) ;CBM
46 1995}) 9... Nd7 10. Bb5 O-O 11. Bxd7 Bxd7 12. O-O f6 13. Re1 (13. exf6 Rxf6
14. c4 dxc4 (14... Bc6 15. Bb2 Rf7 16. Ne5 Rf4 17. cxd5 Bxd5 18. c4 Bxc4 19.
Nxc4 (19. Qd6 Qxd6 20. cxd6 Bxf1 21. dxe7 Be2) 19... Rxc4 20. Qe2 Rxc5 21.
Qxe6+ Kh7 22. Rad1 $1 $36) (14... Raf8 15. Bb2 Rf5 16. Nd4 $14) 15. Qd6 Nd5 16.
Ne5 $14) 13... Ng6 14. Qd4 Rac8 15. c4 fxe5 16. Nxe5 Nxe5 17. Rxe5 Qxc5 18.
Qxc5 Rxc5 19. cxd5 {After} (19. Ba3 $6 Rxc4 20. Bxf8 Kxf8 {it is Black who can
play for a win.}) 19... Rxd5 1/2-1/2

[Event "Olympiad-23"]
[Site "Buenos Aires"]
[Date "1978.10.31"]
[Round "6"]
[White "Spassky, Boris Vasilievich"]
[Black "Portisch, Lajos"]
[Result "1-0"]
[WhiteElo "2630"]
[BlackElo "2630"]
[Annotator "Averbakh,Y"]
[PlyCount "69"]
[EventDate "1978.10.25"]
[EventType "team-swiss"]
[EventRounds "14"]
[EventCountry "ARG"]
[SourceTitle "EXT 2002"]
[Source "ChessBase"]
[SourceDate "2001.11.25"]
[SourceVersion "1"]
[SourceVersionDate "2001.11.25"]
[SourceQuality "1"]
[WhiteTeam "Soviet Union"]
[BlackTeam "Hungary"]
[WhiteTeamCountry "URS"]
[BlackTeamCountry "HUN"]

{Inf.26/249} 1. e4 e6 2. d4 d5 3. Nc3 Bb4 4. e5 c5 5. a3 Bxc3+ 6. bxc3 Qc7 7.
Nf3 Ne7 8. a4 b6 9. Bb5+ Bd7 10. Bd3 Nbc6 11. O-O h6 (11... O-O $2 12. Bxh7+)
12. Re1 O-O $6 (12... Na5 $32 13. Nd2 O-O 14. Qg4 f5 $1 {Gufeld-Krogius USSR
1967}) 13. Bd2 c4 (13... Na5 $5) 14. Bf1 f6 15. g3 Ng6 (15... fxe5 $2 16. Nxe5
Nxe5 17. Rxe5 Ng6 18. Re1 Rae8 19. Qh5 $1 {(Borik)}) (15... Rf7 $5) 16. Bh3 $1
fxe5 17. dxe5 $1 Rf7 (17... Ngxe5 18. Nxe5 Nxe5 19. Bf4 Rxf4 20. gxf4 Ng6 21.
Bxe6+ Bxe6 22. Rxe6 Nxf4 23. Re3 Qd7 $1 $14) 18. Bg4 $1 Nge7 19. Nd4 Nxd4 (
19... Nxe5 20. Bxe6 Bxe6 21. Nxe6 Qd6 22. Bf4 $16 {(Borik)} Rxf4 23. Nxf4) 20.
cxd4 $16 c3 $6 21. Bc1 Nf5 22. Bh5 Raf8 23. Ba3 Qc4 $1 24. Bxf8 Rxf8 25. Ra3 $1
Bxa4 (25... Nxd4 26. Re3 Bxa4 27. Raxc3 Qb4 28. Qg4 {/\ Rc7}) 26. Qa1 $1 b5 27.
Rxc3 Qxd4 28. Rc6 $1 $18 Qxa1 29. Rxa1 Nd4 30. Rc7 a5 31. f4 Kh7 (31... Bxc2
32. Rxa5 Bd3 (32... b4 33. Raa7) 33. Raa7) (31... Nxc2 $2 32. Rxa4 bxa4 33.
Rxc2 $18 {(Borik)}) 32. Bd1 $1 Ra8 33. Kf2 Kg6 (33... Nf5 34. g4 Nh4 35. Kg3)
34. g4 $1 h5 35. Ke3 1-0

[Event "Belgrade"]
[Site "Belgrade"]
[Date "1984.??.??"]
[Round "?"]
[White "Abramovic, Bosko"]
[Black "Farago, Ivan"]
[Result "1-0"]
[WhiteElo "2495"]
[BlackElo "2525"]
[Annotator "Belov,I"]
[PlyCount "69"]
[EventDate "1984.??.??"]
[EventType "tourn"]
[EventRounds "13"]
[EventCountry "YUG"]
[EventCategory "8"]
[SourceTitle "MCL"]
[Source "ChessBase"]
[SourceDate "1999.07.01"]
[SourceVersion "1"]
[SourceVersionDate "1999.07.01"]
[SourceQuality "1"]

1. e4 e6 2. d4 d5 3. Nc3 Bb4 4. e5 Ne7 5. a3 Bxc3+ 6. bxc3 c5 7. Nf3 Qa5 8. Qd2
Nbc6 9. a4 Bd7 10. Be2 f6 11. Ba3 (11. exf6 gxf6 12. dxc5 O-O-O 13. O-O e5 $13)
11... cxd4 12. cxd4 Qxd2+ 13. Kxd2 Nf5 $6 (13... Na5 $142 14. h4 h5 (14... Kf7
$5) 15. Rhb1 Rc8 16. Bb4 Nec6 17. Bc3 Ke7 (17... Kf7 $142 $13) 18. Rg1 $1 $14 {
Tisdall,J-Sigurjonsson,G/Husavik/1985/}) 14. Rhb1 b6 (14... Na5 $5) (14...
Ncxd4 15. Nxd4 Nxd4 16. exf6 Nxe2 17. Kxe2 gxf6 18. Rxb7 $16 {Abramovic/}) 15.
c3 Na5 16. Bb4 Nc4+ 17. Ke1 Kf7 18. Nd2 $1 fxe5 $6 (18... Nxd2 $5 19. Kxd2 fxe5
20. dxe5 Bc6 $14) 19. Bxc4 (19. Nxc4 dxc4 20. dxe5 $16) 19... dxc4 20. Nxc4
exd4 21. Ne5+ Ke8 $8 22. a5 $1 $16 bxa5 $6 (22... b5 23. g4 (23. Rd1 Rc8 $5 24.
cxd4 Rc4) 23... Nh4 24. cxd4 Ng6 $16) 23. Rxa5 a6 24. g4 Nh4 25. Ba3 $1 $18
dxc3 26. Rxa6 Rd8 (26... Rxa6 27. Rb8+) 27. Rb7 Ng6 28. Nxd7 Rxd7 29. Ra8+ Rd8
30. Raa7 c2 (30... Rc8 31. Kd1 c2+ 32. Kc1) 31. Rc7 h5 32. g5 h4 33. Rxc2 Nf4
34. Rcc7 Nd5 35. Rxg7 1-0

[Event "Rubinstein Memorial"]
[Site "Polanica Zdroj"]
[Date "1993.??.??"]
[Round "8"]
[White "Dolmatov, Sergey"]
[Black "Hansen, Lars Bo"]
[Result "1-0"]
[WhiteElo "2630"]
[BlackElo "2560"]
[Annotator "Belov,I"]
[PlyCount "115"]
[EventDate "1993.08.??"]
[EventType "tourn"]
[EventRounds "11"]
[EventCountry "POL"]
[EventCategory "13"]
[SourceTitle "CBM 037"]
[Source "ChessBase"]
[SourceDate "1993.12.01"]
[SourceVersion "1"]
[SourceVersionDate "1993.12.01"]
[SourceQuality "1"]

1. e4 e6 2. d4 d5 3. Nc3 Bb4 4. e5 Ne7 5. a3 Bxc3+ 6. bxc3 c5 7. Nf3 b6 8. Bb5+
Bd7 9. Bd3 Ba4 (9... c4 10. Bf1 Ba4 11. g3 Nbc6 12. h4 h6 13. h5 Kd7 14. Bh3
Qg8 15. O-O Qh7 16. Ra2 a5 17. Nh4 $14 {Dolmatov,S-Hertneck,G Lugano 1986 Inf
41/354/}) 10. h4 $5 h6 11. h5 c4 $146 (11... Nbc6 12. g3 Rc8 13. Be3 Na5 14.
O-O Qd7 15. Nh4 Bb5 16. Qg4 Bxd3 17. cxd3 cxd4 18. cxd4 g5 $5 19. hxg6 fxg6 $13
{Dolmatov,S-Dokhoian,Y Irkutsk 1986/}) (11... Nd7 12. O-O Qc7 13. Re1 O-O-O 14.
Nh4 Kb7 15. Ra2 Qc6 16. Qg4 Rdg8 $13 {Dolmatov,S-Nikolic,Pr Moscow 1990/}) 12.
Be2 (12. Bf1 $5) 12... Kd7 13. O-O (13. Nh4 Qg8 14. Bg4 Qh7 15. Ra2 Na6 16. Rh3
Nc7 17. Kf1 Raf8 18. Kg1 g5 19. Nf3 Nc6 20. Nh2 f5 $10 {Georgiev,Kir-Yusupov,A
Las Palmas 1993/}) 13... Qg8 14. g3 Qh7 15. Ra2 Na6 16. Nh4 Nc7 17. Bg4 Raf8
18. Bd2 Kc8 (18... g5 $5 19. Ng2 (19. hxg6 fxg6 $10) 19... f5 20. exf6 Rxf6 21.
f4 (21. Bh3 Nf5 $10) 21... Rhf8 22. Re1 Qg8 $1 $13) 19. Rb2 Kb7 20. Kh2 Nc6 21.
Ng2 $5 (21. f4 $5 g6 22. Ng2 Rhg8 23. Ne3 Ne8 $14) 21... Ka8 22. Ne3 Kb7 23.
Bh3 f6 (23... Ka8 24. f4 g6 25. g4 gxh5 26. f5 hxg4 27. Bxg4 $16) 24. exf6 gxf6
(24... Rxf6 25. Ng4 Rf7 26. Bf4 $16) 25. Ng2 Rd8 (25... e5 26. Be3) 26. Nh4 $14
Rhe8 27. Re1 Qf7 28. Qg4 Rg8 29. Qf3 Rde8 30. Ng6 Rxg6 $1 (30... Qg7 31. Qf4
$16) 31. hxg6 Qxg6 32. Qg4 (32. Qd1 h5 $44) 32... Bxc2 (32... Qh7 $2 33. Qf4 e5
34. Qxf6 $18) 33. Qxg6 Bxg6 34. Bxh6 $1 e5 (34... Rh8 $2 35. Bg7 Rh7 36. Bxf6
Bf5 37. Bh4 $18) 35. Rd2 (35. Bg7 exd4 36. Rxe8 dxc3 $1 37. Ree2 cxb2 38. Rxb2
c3 $17) (35. dxe5 $2 Nxe5 36. Re3 Rh8 $17) 35... Nb5 $6 (35... exd4 36. Rxe8
Nxe8 37. cxd4 Nd6 $13) 36. Bg7 Nxc3 (36... exd4 $6 37. Rxe8 Bxe8 38. Bxf6 dxc3
39. Rxd5 $16) 37. Bd7 (37. Bxf6 Ne4) 37... Nxd4 $2 (37... Rg8 $5 38. Bxc6+ Kxc6
39. Bxf6 Ne4 40. Rxe4 Bxe4 41. Bxe5 $13) 38. Rxd4 Re7 39. Bxf6 Rxd7 40. Bxe5
Be4 41. g4 Re7 (41... Nb5 42. Rdxe4 dxe4 43. a4 $1 Nc7 44. Rxe4 $18) 42. Rxc4
$1 dxc4 43. Bxc3 Kc6 44. Kg3 Kd7 45. f4 Re6 46. f5 Rd6 47. Kf4 Bc2 48. Re2 $1
Bd3 49. Rh2 Kc6 50. g5 Rd5 51. Rh6+ Kd7 52. Rf6 a5 53. g6 Ke7 54. Re6+ Kd7 55.
Re5 Rxe5 56. Kxe5 Ke7 57. Bd4 Ke8 (57... b5 58. f6+ Kf8 59. Bc5+) 58. Bxb6 1-0

[Event "YUG-chT"]
[Site "Cetinje"]
[Date "1993.??.??"]
[Round "4"]
[White "Kovacevic, Predrag"]
[Black "Drasko, Milan"]
[Result "0-1"]
[WhiteElo "2395"]
[BlackElo "2475"]
[Annotator "Belov,I"]
[PlyCount "120"]
[EventDate "1993.??.??"]
[EventType "team"]
[EventRounds "11"]
[EventCountry "YUG"]
[SourceTitle "CBM 038"]
[Source "ChessBase"]
[SourceDate "1994.02.01"]
[SourceVersion "1"]
[SourceVersionDate "1994.02.01"]
[SourceQuality "1"]

1. e4 e6 2. d4 d5 3. Nc3 Bb4 4. e5 c5 5. a3 Bxc3+ 6. bxc3 Ne7 7. Nf3 Qa5 8. Bd2
Nbc6 9. a4 (9. Be2 $5 Bd7 (9... cxd4 10. cxd4 Qa4 11. Rb1 $1 Nxd4 12. Bd3 Ndc6
13. Rb3 Nf5 14. O-O {Dolmatov,S-Oll,L SSSR 1989 Inf 48/411; 14...a6+/=/}) 10.
O-O c4 (10... Qc7 $5) (10... f6 $6) 11. Ng5 h6 12. Nh3 Ng6 13. Bh5 O-O-O 14. f4
Rdf8 15. Qe1 Nge7 $14 {Balashov,Y-Naumkin,I SSSR 1991 Inf 53/283/}) 9... Bd7
10. Bb5 Qc7 11. O-O b6 $5 $146 (11... O-O 12. Bc1 (12. Re1 b6 13. Bd3 h6 14.
Qc1 c4 15. Bf1 f6 $10 {Rogers,I-Nogueiras,J Szirak 1986 Inf 42/376/}) 12... b6
13. Ba3 Na5 14. dxc5 Bxb5 15. cxb6 axb6 16. axb5 Rfc8 17. Bb4 Nc4 $10 {Nunn,
J-Yusupov,A Beograd 1991 Inf 53/287/}) (11... h6 12. Bc1 Na5 13. Ba3 Bxb5 14.
axb5 cxd4 15. Bd6 Qb6 16. Nxd4 Nc4 $13 {Savon,V-Naumkin,I Moscow 1991 Inf 52/
294/}) (11... Na5 12. Bd3 c4 13. Be2 O-O-O 14. Bc1 Kb8 15. Qd2 h6 16. Qf4 Be8
17. Qg4 Rg8 18. Nh4 $16 {Nunn,J-Farago,I Dortmund 1987 Inf 43/381/}) 12. Re1
Na5 13. Ng5 (13. Bd3 $5 c4 14. Bf1 h6 15. Bc1 $14) 13... h6 14. Qh5 g6 15. Qh3
Bxb5 16. axb5 Nc4 $10 17. Bc1 Qd7 18. Rb1 a6 $6 (18... Kf8 19. Nf3 Kg7 $13) 19.
dxc5 bxc5 20. bxa6 Rxa6 21. Nf3 (21. Rb8+ $6 Nc8 22. Nf3 Ra1 $1 {/\23...Qc7=/+/
}) 21... Qc7 22. Bg5 $1 Ng8 $8 23. Nd2 (23. Rb3 $5 Kf8 24. Bf6 $5 Nxf6 25. exf6
$16) 23... Nxd2 24. Bxd2 Kf8 25. c4 (25. Bxh6+) 25... dxc4 26. Qf3 Qc6 27. Qf4
Ra4 28. Bc3 g5 $1 (28... Kg7 29. h4 $1 $16) 29. Qd2 Kg7 30. Qd6 $6 (30. h4 $5
Qd5 (30... gxh4 31. f4) 31. hxg5 Qxd2 32. Bxd2 $16) (30. Rb8 Ne7 31. Rxh8 Kxh8
32. Qd8+ Ng8 33. h4 Ra8 34. Qd2 $16) 30... Qxd6 31. exd6+ Nf6 32. Re3 g4 $8 33.
Re4 Kg6 34. Rf4 (34. Bxf6 Kxf6 35. Rxg4 Rd8 $13) 34... Nd5 $8 35. Rxg4+ Kf5 36.
Bxh8 Kxg4 37. Rb8 (37. d7 Ra8 38. Ba1 Rd8 39. Rb7 Kf5 $15) 37... Ra7 38. Rc8 f6
39. Rg8+ (39. h3+ Kf5 40. Rxc5 Ra8 41. Bg7 Kg6 $17) 39... Kf5 40. h4 Ke5 41.
Bg7 Kxd6 (41... h5 42. Bf8 Rd7 (42... Ra8 43. f3 $1) 43. Rh8 $13) 42. Bxh6 Rh7
43. Bf8+ Kc6 44. Rg4 Kb5 $17 45. g3 Kb4 46. Kf1 Kc3 47. Bxc5 $6 (47. Ke2 f5 48.
Rg6 Kxc2 49. Rxe6 $13) 47... Rc7 $17 48. Bd6 Rc6 49. Bf8 Kxc2 50. h5 Rc8 51.
Bg7 Kd3 52. h6 c3 53. h7 c2 54. Bh6 $8 Rh8 55. Rg7 f5 56. Bc1 Nf6 57. Ra7 (57.
Rf7 Rxh7 58. Rxf6 Rh1+ 59. Kg2 Rxc1 $19) 57... Rxh7 58. Ra3+ Kc4 59. Ke2 (59.
Kg2 Rb7 60. Ra4+ Kd3) 59... Ne4 60. Ra2 $2 Nc3+ 0-1

[Event "YUG-chT"]
[Site "Budva"]
[Date "1996.??.??"]
[Round "2"]
[White "Vratonjic, Slobodan"]
[Black "Raicevic, Vladimir"]
[Result "1-0"]
[WhiteElo "2445"]
[BlackElo "2455"]
[Annotator "Belov,I"]
[PlyCount "80"]
[EventDate "1996.??.??"]
[EventType "team"]
[EventRounds "6"]
[EventCountry "YUG"]
[SourceTitle "CBM 053 Extra"]
[Source "ChessBase"]
[SourceDate "1996.09.01"]
[SourceVersion "1"]
[SourceVersionDate "1996.09.01"]
[SourceQuality "1"]

1. e4 e6 2. d4 d5 3. Nc3 Bb4 4. e5 c5 5. a3 Bxc3+ 6. bxc3 Ne7 7. Nf3 Qa5 8. Bd2
Nbc6 9. Be2 Qa4 (9... cxd4 $142 10. cxd4 Qa4) 10. O-O $5 (10. dxc5 $1 Ng6 11.
Be3 Ngxe5 12. Nxe5 Nxe5 13. Qd4 Qxd4 14. cxd4 Nc6 15. Rb1 $16 {Mrdja,
M-Korchnoi,V/Lugano/1984/}) (10. Be3 cxd4 (10... Qa5 $5) 11. cxd4 b6 12. Qd3
Na5 13. Nd2 Bd7 14. O-O Rc8 $10 {Sokolov,A-Yusupov,A/Riga (m/11)/1986/}) 10...
cxd4 11. cxd4 Nxd4 (11... b6 $5) 12. Bd3 $44 Nxf3+ (12... Nec6 13. Re1 $44) 13.
Qxf3 b6 14. Rfb1 $1 Ba6 $6 (14... Bd7 15. Rb4 Qc6 16. Rg4 $36) 15. Rb4 Qa5 $8
16. Rg4 $1 Qxd2 17. Rxg7 Nf5 (17... Rf8 18. Bxa6 Qxc2 19. Bb5+ Kd8 20. Rxf7
Rxf7 21. Qxf7 $18) 18. Bxf5 Qh6 (18... exf5 19. Qxf5 Rf8 20. e6 $18) 19. Rxf7
$3 Kxf7 (19... exf5 20. Rf6 $1 (20. Qxd5 Rd8) (20. Qxf5 Bc8) 20... Qg7 21. Qxf5
(21. Qxd5 Bb7 22. Re6+ Kf8 23. Qd6+ Kg8 24. g3 Bf3 25. Re7 Qg6) 21... Bc8 22.
e6 $40) 20. Bg6+ Ke7 (20... Kxg6 21. Qf6+ Kh5 22. g4+ Kxg4 23. Qxh6 Rhg8 24.
Re1 Kf5+ 25. Kh1 Raf8 26. Qxh7+ $18) 21. Qf6+ Kd7 22. Be8+ Rhxe8 23. Qxh6 $16
Re7 24. f4 Rg8 (24... Rf8 $142) 25. f5 $1 exf5 (25... Rg4 26. f6 Rf7 27. Qd2
Bc4 28. a4 Re4 29. Re1 $18) 26. Qd6+ Ke8 27. Qb8+ Kf7 28. e6+ $1 Kg7 $8 29.
Qe5+ Kf8 (29... Kg6 30. Qg3+ $18) 30. Qxf5+ Ke8 31. Qe5 $18 Bc8 32. Qb8 Kd8 33.
Qd6+ Ke8 34. Qc6+ Kd8 35. Rd1 Rxe6 (35... Bxe6 36. Qa8+ Bc8 37. Rxd5+ Rd7 38.
Rxd7+ Kxd7 39. Qd5+ $18) 36. Rxd5+ Ke7 37. Qc7+ Kf6 38. Qxh7 Re1+ 39. Kf2 Rge8
40. Qh6+ Kf7 1-0

[Event "Bucharest Int 20th"]
[Site "Bucharest"]
[Date "1981.03.10"]
[Round "6"]
[White "Boensch, Uwe"]
[Black "Dolmatov, Sergey"]
[Result "0-1"]
[WhiteElo "2455"]
[BlackElo "2545"]
[Annotator "Boensch,U"]
[PlyCount "126"]
[EventDate "1981.03.05"]
[EventType "tourn"]
[EventRounds "13"]
[EventCountry "ROU"]
[EventCategory "8"]
[SourceTitle "EXT 2016"]
[Source "ChessBase"]
[SourceDate "2015.10.08"]
[SourceVersion "1"]
[SourceVersionDate "2015.10.08"]
[SourceQuality "1"]

{SCHACH 5/1981 Seite 213} 1. e4 e6 2. d4 d5 3. Nc3 Bb4 4. e5 c5 5. a3 Bxc3+ 6.
bxc3 Ne7 7. Nf3 Bd7 ({Andere Möglichkeiten sind} 7... Nbc6) (7... b6) ({oder} 
7... Qa5 $5) 8. Be2 $6 (8. Bd3 Qa5 9. Bd2 c4 10. Bf1 Nbc6 11. g3 O-O-O 12. Bh3
f5 $11 {Alramovic-Nikolic, YUG-ch 1980}) 8... Ba4 $1 9. O-O Qc7 10. Rb1 Nd7 $1
{Ein ausgezeichneter Plan. Nach Abschluß der c-Linie mittels c5-c4 strebt
Schwarz danach, seinen Springer über b6 nach a4 zu ziehen, von wo er einen
anhaltenden Druck auf den Bauern c3 ausübt.} (10... cxd4 $2 11. Rb4) 11. Rb2 h6
12. Re1 c4 13. Nd2 O-O-O 14. Nf1 Nb6 15. Rb4 Bd7 16. Bh5 Rdf8 17. a4 $2 {
Eine zweischneidige Fortsetzung, welche am genauern Spiel des Schwarzen
scheitert.} a5 $1 (17... Nxa4 18. Ba3 {nebst Qa1}) 18. Rxb6 {Weiß versucht,
aus der Not eine Tugend zu machen, und sucht sein Heil in der Flucht nach vorn.
} Qxb6 19. Ba3 Qd8 20. Qa1 b6 21. Rb1 Kb7 22. Ne3 Nc8 $1 {[#]Schwarz opfert
die Qualität zurück, um sich dank der Schwäche a4 das bessere Spiel zu sichern.
Dennoch war es jetzt oder im 25. Zuge nötig, dieses Opfer anzunehmen und auf
remis zu spielen.} 23. Bf3 $2 Bc6 24. Qb2 Re8 25. Bd6 Re7 $1 26. Qa3 $2 Nxd6
27. exd6 Rd7 28. Qc5 Rxd6 29. Qxa5 Qc7 30. g3 Ra8 31. Qc5 Rxa4 32. Rxb6+ Qxb6 {
Der Rest ist Sach der Technik, obwohl es auch jetzt noch nicht leicht ist, die
weiße Verteidigungsstellung zu brechen.} 33. Qxd6 Qc7 34. Qf8 f6 35. Kg2 Qd7
36. h4 Ra8 37. Qb4+ Kc7 38. h5 Qd6 39. Qb1 Qa3 40. Qe1 Qa1 41. Qd2 Qb1 42. Nd1
Kd7 43. Bg4 Ke7 44. Qf4 Bd7 45. Ne3 Qb8 46. Qf3 Ra1 47. Qe2 Qb1 48. Nd1 Kf7 49.
Kh2 Ra2 50. Ne3 Qb2 51. Bh3 Qxc3 52. Qg4 Qe1 53. Qf4 Ra1 54. Bf1 Rb1 55. Kg2
Qb4 56. Be2 Qb8 57. Qg4 Qd6 58. Qg6+ Kf8 59. Ng4 Qe7 60. Ne3 Be8 61. Qg4 Qd6
62. Bd1 Bf7 63. c3 Ra1 0-1

[Event "World Cup"]
[Site "Skelleftea"]
[Date "1989.08.??"]
[Round "7"]
[White "Ehlvest, Jaan"]
[Black "Huebner, Robert"]
[Result "1-0"]
[WhiteElo "2620"]
[BlackElo "2605"]
[Annotator "Bulletin"]
[PlyCount "75"]
[EventDate "1989.08.??"]
[EventType "tourn"]
[EventRounds "15"]
[EventCountry "SWE"]
[EventCategory "16"]
[SourceTitle "CBM 014"]
[Source "ChessBase"]
[SourceDate "1990.02.01"]
[SourceVersion "1"]
[SourceVersionDate "1990.02.01"]
[SourceQuality "1"]

1. e4 e6 2. d4 d5 3. Nc3 Bb4 4. e5 c5 5. a3 Bxc3+ 6. bxc3 Ne7 7. Nf3 Qa5 8. Bd2
Nbc6 9. Be2 cxd4 10. cxd4 Qa4 11. Rb1 Nxd4 12. Bd3 Ndc6 (12... Nec6 13. Bb4 Nf5
$13 {Timman,R-Huebner,R/Tilburg/1988/1-0/31/ -> CBM9, Inf.46/388}) 13. Qc1 {
'?!' Bulletin.} (13. O-O Qxa3 {Nunn,J-Rogers,I/Groningen/1988/0-1/43/ -> CBM10}
) 13... b6 {'!' Bulletin.} 14. Bb5 Qe4+ 15. Kf1 a5 {'!' Bulletin.} 16. Kg1 Ba6
17. Bxc6+ Nxc6 18. Rxb6 Nxe5 (18... Kd7 $6 {!; Ehlvest}) 19. Nxe5 Qxe5 20. h4 {
'?!' Bulletin. Bulletin: '>= 20.Ba5!='} O-O 21. Rh3 {'?!' Bulletin.} Rfc8 {
'?' Bulletin. Bulletin: '21...d4! -/+/-+'} 22. Bxa5 {'!' Bulletin.} Qe4 23. Rb2
Bd3 {'?!' Bulletin. Bulletin: '>= 23...Bf1!=/+'} 24. Qd2 {'=' Bulletin.} Rxc2
25. Rxc2 Bxc2 26. Bc3 Rb8 27. Rg3 g6 {'??' Bulletin.} 28. Bf6 {'+-!' Bulletin.}
Kf8 29. Rc3 Ba4 30. Rc7 g5 31. Qxg5 Qg6 32. Qf4 Be8 33. Rc3 Rb6 34. Rg3 e5 35.
Bxe5 Qb1+ 36. Kh2 Rg6 37. h5 Re6 38. Bd6+ 1-0

[Event "World Cup"]
[Site "Skelleftea"]
[Date "1989.08.??"]
[Round "3"]
[White "Nunn, John DM"]
[Black "Nikolic, Predrag"]
[Result "1/2-1/2"]
[WhiteElo "2620"]
[BlackElo "2600"]
[Annotator "Bulletin"]
[PlyCount "36"]
[EventDate "1989.08.??"]
[EventType "tourn"]
[EventRounds "15"]
[EventCountry "SWE"]
[EventCategory "16"]
[SourceTitle "CBM 014"]
[Source "ChessBase"]
[SourceDate "1990.02.01"]
[SourceVersion "1"]
[SourceVersionDate "1990.02.01"]
[SourceQuality "1"]

1. e4 e6 2. d4 d5 3. Nc3 Bb4 4. e5 c5 5. a3 Bxc3+ 6. bxc3 Ne7 7. Nf3 b6 8. Ng5
{'!?' Bulletin. Bulletin: 'Sokolov,A'} h6 9. Qh5 g6 10. Qh3 Kf8 (10... Qc7 11.
a4 $6 Kf8 $1 (11... cxd4 12. cxd4 Qxc2 13. Bb5+ Bd7 14. O-O $40) 12. Kd1 cxd4
$6 13. cxd4 Nbc6 14. Nf3 Nb4 15. Ne1 Bd7 16. Ba3 a5 17. c3 $16 {Sokolov,
A-Yusupov,A/Riga cs (13)/1986/1-0/ Inf.42/369}) 11. Bd3 Kg7 12. Nf3 Ba6 13.
dxc5 Bxd3 {'!' Bulletin. Bulletin: 'N'} (13... Qc7 $6 14. O-O Qxc5 15. Bd2 {
Gulko,B-Panno,O/Vina del Mar/1988/1-0/57/  -> Inf.46/387}) 14. cxd3 bxc5 15.
O-O Nd7 16. Rb1 Rb8 17. Bd2 Rb6 18. Qh4 Nc6 1/2-1/2

[Event "Al Ain op 4th"]
[Site "Al Ain"]
[Date "2015.12.24"]
[Round "2"]
[White "Kryvoruchko, Yuriy"]
[Black "Bajarani, Ulvi"]
[Result "0-1"]
[WhiteElo "2711"]
[BlackElo "2551"]
[Annotator "CB"]
[PlyCount "94"]
[EventDate "2015.12.23"]
[EventType "swiss"]
[EventRounds "9"]
[EventCountry "UAE"]
[SourceTitle "CBM 170 Extra"]
[Source "ChessBase"]
[SourceDate "2016.02.25"]
[SourceVersion "1"]
[SourceVersionDate "2016.02.25"]
[SourceQuality "1"]

1. e4 e6 2. d4 d5 3. Nc3 Bb4 4. e5 c5 5. a3 Bxc3+ 6. bxc3 Ne7 7. Nf3 Qc7 8. a4
b6 9. Bb5+ Bd7 10. O-O h6 11. c4 dxc4 12. dxc5 Bxb5 13. axb5 bxc5 14. Nd2 c3
15. Ne4 O-O 16. Qd6 Qxd6 17. exd6 Nd5 18. Nxc5 Rd8 19. Be3 Rxd6 20. Rfd1 Rd8
21. Ne4 Nd7 22. Bxa7 f5 23. Ng3 N7b6 24. Ne2 Nc4 25. g3 e5 26. Rdb1 Rd7 27. Bc5
Rxa1 28. Rxa1 Rc7 29. Ra8+ Kh7 30. Bf8 f4 31. gxf4 exf4 32. Rd8 f3 33. Nd4 Nf4
34. Nxf3 Rb7 35. Nd4 Ra7 {Diagramm [#] Kryvoruchko hatte die ganze Partie über
leichten Vorteil, aber nun greift er fehl und sein junger Gegner aus
Azerbaidschan holt zum Konter aus.} 36. f3 $2 (36. h4 $16) 36... Ra1+ 37. Kf2
Rd1 {plötzlich schwebt der weiße König in großer Gefahr} 38. Rd7 (38. Bc5 Rd2+
39. Kg1 Ne3 40. Nb3 $8 Rxd8 41. Bxe3 Nd5 $17) 38... Rd2+ 39. Kg3 Nh5+ 40. Kh3
Ne5 41. Re7 (41. Rd8 Nf4+ 42. Kg3 Neg6 {nebst Matt}) 41... Ng6 42. Ne6 (42. Re4
Nhf4+ 43. Kg4 Rg2+ 44. Kf5 Rg5#) 42... Nxe7 43. Bxe7 Re2 44. Nf8+ Kg8 45. Bd6
Rxc2 46. Nd7 Rb2 47. Be5 Rb3 0-1